000
00307nam a2200121Ia 4500
008
190216s9999||||xx |||||||||||||| ||und||
100
_a
"Ramamoorthy S,Krishnamoorthy S And Rajagopalan P R"
245
0
_a
Light
260
_b
National Publications
_c
1970
300
_a
432p
650
_a
Physics
942
_c
BK
999
_c
32775
_d
32775